iPhone quiz - Statistics

General Stats
  • This quiz has been taken 73 times
  • The average score is 8 of 14
Answer Stats
Hint Answer % Correct
First iPhone to have no home button 10
92%
First iPhone number to be skipped 2
90%
Second iPhone number to be skipped 9
88%
Touch ID was added on the iPhone 5
76%
First iPhone to increase its size 4
73%
First iPhone to have 2 camera’s 11
68%
How many apps did the first iPhone have 15
59%
What year was the first iPhone released? 2007
58%
Finally, who invented the iPhone? Steve Jobs
58%
What iPhone was added between iPhone 6 and 7? Call that (a) SE
56%
What year did the second version of (a) release? 2020
37%
What year did the third version of (a) release? 2022
37%
What does iPhone 4S stand for Siri
24%
What does (a) stand for? Special edition
20%
No matching quizzes found
Score Distribution
Percent of People with Each Score
Percentile by Number Answered
Your Score History
You have not taken this quiz